000 00710nam a2200169Ia 4500
008 090711s9999 xx 000 0 und d
082 _b60549
100 _aगाला ध. रा. / गाला धीरेन
245 _aह्रदयरोग टाळा व दीर्घायुषी बना
260 _c1988
300 _a161
600 _aगाला ध. रा. / गाला धीरेन
630 _aह्रदयरोग टाळा व दीर्घायुषी बना
700 _aगाला ध. रा. / गाला धीरेन
730 _aह्रदयरोग टाळा व दीर्घायुषी बना
942 _cBOOK
999 _c297830
_d297830